Vainqueur de l'ATP Sofia - Statistiques

Statistiques générales
  • Ce quiz a été pris 7 fois
  • Le résultat moyen est 5 sur 10
Statistiques - réponses
Année Vainqueur % Correct
2017 Dimitrov
100%
2023 Mannarino
83%
2020 Sinner
67%
2021 Sinner
67%
2019 Medvedev
50%
2018 Basic
33%
2016 Bautista-Agut
33%
1980 Hjertquist
33%
2022 Hüsler
33%
1981 Meyer
33%
Aucun quiz correspondant
Distribution des résultats
% des personnes avec chaque résultat
Percentile par nombre de réponses
Votre historique - résultats
Vous n’avez pas pris ce quiz